• 首页
  • 本馆介绍
  • 公告通知
  • 最新文献
  • 馆藏检索
  • 电子资源
  • 读者导购
  • 参考咨询
  • 我的图书馆
  • 登录
  • 详细信息显示
  • 放入我的书架
  • 预约/预借图书
  • 作者相关作品
  • 分类相关作品
  • 丛书相关作品
  • 出版社相关作品

书目信息

  • 表格格式
  • 工作单格式
  • 卡片格式
题名:
中小学生卫生保健手册
    
 
作者: 叶恭绍 主编
分册:  
出版信息: 北京   科学普及出版社  1987
页数: 1077页
开本: 19cm
丛书名:
单 册:
中图分类: G479 , G478
科图分类:
主题词: 中学生-保健--手册 , 保健-中学生--手册 , 小学生-保健--手册 , 保健-小学生--手册
电子资源:
ISBN:
000 00790nam0 2200289 45
001 0187010341
005 20040424104835.6
010    @dCNY5.40
091    @a14051.1072
100    @a19900808d1987 em y0chiy0121 ea
101 0  @achi
102    @aCN@b110000
105    @af z 000yy
106    @ar
200 10 @a中小学生卫生保健手册@Azhong xiao xue sheng wei sheng bao jian shou ce@f叶恭绍主编
210    @a北京@c科学普及出版社@d1987
215    @a1077页@c图@d19cm
606    @a中学生-保健@x手册
606    @a保健-中学生@x手册
606    @a小学生-保健@x手册
606    @a保健-小学生@x手册
690    @aG479@v3
690    @aG478
701  0 @a叶恭绍@Aye gong shao@4主编
801  0 @aCN@b深圳图书馆@c20040424
801  2 @aCN@bNLC@c20040424
905    @f2@b208527-528@dG478@e16
    
    中小学生卫生保健手册/叶恭绍主编.-北京:科学普及出版社,1987
    1077页:图;19cm
    
    
    ISBN :CNY5.40
    
●
相关链接 在E读中查询图书 在五车中查询图书 在当当中查询图书 在豆瓣中查询图书


正题名:中小学生卫生保健手册     索取号:G478/16         预约/预借

序号 登录号 条形码 馆藏地/架位号 状态 备注
1 0208527   000461360   密集书库/ [索取号:G478/16] 在馆    
2 0208528   000461609   密集书库/ [索取号:G478/16] 在馆    
3 0208529   000461565   第一样本阅览室/ [索取号:G478/16] 在馆    
唐山师范学院图书馆 欢迎您!
大连网信软件有限公司© 版权所有